Miasta w woj. wielkopolskim - nagła śmierć - Statystyki

Ogólne statystyki
  • Ten quiz został rozwiązany 156 razy
  • Średni wynik to 20 z 36
Answers on the Grid
Answers color-coded by a green-red scale on the quiz's grid according to % correct below.
Poznań
Kalisz
Konin
Leszno
Piła
Gniezno
Koło
Ostrów Wielkopolski
Kępno
Ostrzeszów
Krotoszyn
Rawicz
Jarocin
Gostyń
Pleszew
Słupca
Kościan
Śrem
Środa Wielkopolska
Nowy Tomyśl
Luboń
Szamotuły
Czarnków
Wągrowiec
Chodzież
Oborniki
Złotów
Grodzisk Wielkopolski
Mosina
Września
Stęszew
Rogoźno
Kórnik
Swarzędz
Kłodawa
Turek
Żnin
Mogilno
Sieradz
Kutno
Poddębice
Góra
Oleśnica
Trzebnica
Milicz
Międzyrzecz
Wałcz
Człuchów
Nakło nad Notecią
Wschowa
Gorzów Wielkopolski
Nowa Sól
Łęczyca
Radziejów
Kruszwica
Drezdenko
 
Statystyki odpowiedzi
Odpowiedź % Poprawnych
Poznań
70%
Kalisz
69%
Piła
69%
Grodzisk Wielkopolski
66%
Leszno
66%
Ostrów Wielkopolski
66%
Środa Wielkopolska
66%
Konin
64%
Śrem
62%
Turek
62%
Gniezno
59%
Jarocin
59%
Kórnik
59%
Oborniki
59%
Września
59%
Nowy Tomyśl
57%
Szamotuły
57%
Koło
56%
Rawicz
56%
Swarzędz
54%
Wągrowiec
54%
Gostyń
52%
Kościan
51%
Luboń
51%
Krotoszyn
49%
Pleszew
49%
Chodzież
46%
Kępno
44%
Złotów
44%
Czarnków
43%
Mosina
43%
Słupca
41%
Stęszew
41%
Ostrzeszów
39%
Rogoźno
39%
Kłodawa
30%
Nie znaleziono quizów pasujących do podanych kryteriów
Rozkład punktacji
Procent ludzi z każdym wynikiem
Percentyl według liczby udzielonych odpowiedzi
Twoja historia wyników
Nie rozwiązałeś tego quizu